Wives and widows at work: Women's labour in agrarian Bengal, then and now (Record no. 394696)

MARC details
000 -LEADER
fixed length control field 00578 a2200205 4500
005 - DATE & TIME
control field 20260414111006.0
008 - FIXED-LENGTH DATA ELEMENTS--GENERAL INFORMATION
fixed length control field 260413b |||||||| |||| 00| 0 eng d
020 ## - ISBN
International Standard Book Number 9789354424458
Price Rs. 1290.00
040 ## - CATALOGING SOURCE
Original cataloging agency VIVEKANANDA LIBRARY
082 ## - DDC NUMBER
Classification number 305.40954
Book Number C349W
100 ## - MAIN ENTRY--PERSONAL NAME
Personal name Chakravarty, Deepita
245 ## - TITLE STATEMENT
Title Wives and widows at work: Women's labour in agrarian Bengal, then and now
260 ## - PUBLICATION, DISTRIBUTION, ETC. (IMPRINT)
Name of publisher, distributor, etc Orient Blackswan
Date of publication, distribution, etc 2023
Place of publication, distribution, etc Hyderabad
300 ## - PHYSICAL DESCRIPTION
Pages xxv, 262
650 ## - Subject
Subject Sociology
650 ## - Subject
Subject Social Groups
650 ## - Subject
Subject Women- India
700 ## - Added Entry Personal Name
Added Entry Personal Name Chakravarty, Ishita
942 ## - ADDED ENTRY ELEMENTS (KOHA)
Koha item type Books
Holdings
Withdrawn status Lost status Source of classification or shelving scheme Damaged status Not for loan Location (home branch) Sublocation or collection (holding branch) Shelving location Date acquired Koha issues (times borrowed) Koha full call number Accession No. Koha date last seen Koha item type
    Dewey Decimal Classification     VIVEKANANDA LIBRARY VIVEKANANDA LIBRARY Vivekananda Library 05/03/2026   305.40954 C349W 438633 05/03/2026 Books
© Designed and Maintained by Vivekananda Library, MDU Rohtak